000 00299nam a22001337a 4500
008 180109b xxu||||| |||| 00| 0 eng d
020 _a9780838512227
041 _aeng
080 _a615
100 _a5
101 _aSHF
245 _aClinician's Pocket Reference
_cGomella, L.G
942 _2udc
_cBK
999 _c39949
_d39949